000 00812cam a22001934a 4500
005 20250605164346.0
008 250528s ||||||||||||||||||||||||d
035 _a23903
040 _aGR-AtMCL
_bgre
_dGR-AtMCL
_eAACR2
245 1 _aThe Supreme Infant / We Talk to Alison Gopnik about the Exploratory and Bright Butterflies that are Children and Alongside a Special Issue about Pregnancy.
260 _c2010
300 _a95
520 _aThe Maternal Brain, What is 'Psychological' about 'Normal' Pregnancy, A Psychological Plan for Perinatal Care, Disadvantaged Young Fathers-to-be, Taking up Space - Pregnancy in Public, Nausea and Vomiting in Pregnancy.
700 1 _aSutton Jon
_99351
942 _cCR
710 2 _aThe British Psychological Society
_99823
999 _c8821
_d8821